[Event "VIII Festival A"]
[Site "Montecatini Terme ITA"]
[Date "1999.08.02"]
[Round "3"]
[White "De Gleria, Francesco"]
[Black "Razuvaev, Yuri S."]
[Result "1/2-1/2"]
[WhiteElo "2422"]
[BlackElo "2559"]
[PlyCount "77"]
[EventDate "1999.07.31"]

1.e4 c5 2.Nf3 e6 3.c3 d5 4.exd5 Qxd5 5.d4 Nf6 6.Be3 cxd4 7.cxd4 Nc6 8.Nc3 
Qd6 9.a3 Be7 10.Bd3 O-O 11.O-O b6 12.Qe2 Bb7 13.Rad1 Rad8 14.Rfe1 Qb8 15.
Bg5 Rfe8 16.Bc4 h6 17.Bc1 Bf8 18.h3 Qc8 19.Bf4 Nd5 20.Bxd5 exd5 21.Qc2 Na5
22.Ne5 Nc4 23.Rc1 Qe6 24.Bg3 a6 25.Kh2 Qf6 26.Nd7 Qg5 27.Nxf8 Rxf8 28.b3 
Nd6 29.Re5 Qf6 30.Nxd5 Bxd5 31.Rxd5 Nb5 32.Rxd8 Rxd8 33.d5 Rxd5 34.Qc8+ 
Kh7 35.a4 Nd4 36.Qxa6 Nxb3 37.Qb7 Rc5 38.Rd1 Rc6 39.Qa8 1/2-1/2

[Event "VIII Festival A"]
[Site "Montecatini Terme ITA"]
[Date "1999.08.02"]
[Round "3"]
[White "De Santis, Alessio"]
[Black "Marchini, Massimo"]
[Result "1-0"]
[WhiteElo "2352"]
[BlackElo "2198"]
[PlyCount "85"]
[EventDate "1999.07.31"]

1.d4 Nf6 2.c4 g6 3.Nc3 Bg7 4.e4 d6 5.Be2 O-O 6.Bg5 Nbd7 7.Qd2 c5 8.d5 a6 
9.a4 Qa5 10.Ra3 Re8 11.Nf3 e6 12.dxe6 Rxe6 13.O-O Qc7 14.Bd3 b6 15.Bh6 Bh8
16.Ng5 Re8 17.h3 Ne5 18.Nd5 Nxd5 19.exd5 Nxd3 20.Rxd3 b5 21.Rf3 f5 22.g4 
Re5 23.Ne6 Bxe6 24.dxe6 Qc6 25.Rxf5 Rxe6 26.axb5 axb5 27.cxb5 Qe4 28.Rf4 
Qb7 29.Re1 Be5 30.Rc4 Rae8 31.Re3 Qxb5 32.Qd5 Qd7 33.Rxe5 Qf7 34.Rxe6 Qxe6
35.Qxe6+ Rxe6 36.Ra4 Re2 37.Ra8+ Kf7 38.Rf8+ Ke7 39.Rb8 Kd7 40.Kf1 Rc2 41.
Bf4 Kc7 42.Rb3 c4 43.Rc3 1-0

[Event "VIII Festival A"]
[Site "Montecatini Terme ITA"]
[Date "1999.08.02"]
[Round "3"]
[White "Efimov, Igor"]
[Black "Sax, Gyula"]
[Result "0-1"]
[WhiteElo "2445"]
[BlackElo "2588"]
[PlyCount "86"]
[EventDate "1999.07.31"]

1.d4 Nf6 2.Bg5 Ne4 3.Bf4 c5 4.f3 Qa5+ 5.c3 Nf6 6.Nd2 cxd4 7.Nb3 Qd8 8.cxd4
d5 9.e3 e6 10.Rc1 Nc6 11.Bd3 Nh5 12.Ne2 Nxf4 13.exf4 Bd6 14.g3 h6 15.h4 
Qb6 16.Kf1 Bd7 17.Kg2 Nb4 18.Bb1 Bb5 19.Nc3 Bc4 20.Re1 O-O 21.Nc5 Bxc5 22.
dxc5 Qa6 23.b3 Bd3 24.a3 Bxb1 25.axb4 Bh7 26.Ra1 Qc6 27.Ne2 a6 28.Nd4 Qc7 
29.Qe2 Rfe8 30.h5 Rac8 31.Rac1 f6 32.Nxe6 Qf7 33.g4 f5 34.c6 fxg4 35.Qe5 
gxf3+ 36.Kf2 Rxc6 37.Rxc6 bxc6 38.Qd6 Qxh5 39.Re5 Qh2+ 40.Kxf3 Be4+ 41.Ke3
Qg3+ 42.Kd4 Qf2+ 43.Kc3 Qe3+ 0-1

[Event "VIII Festival A"]
[Site "Montecatini Terme ITA"]
[Date "1999.08.02"]
[Round "3"]
[White "Estremera Panos, Sergio"]
[Black "Farago, Ivan"]
[Result "1/2-1/2"]
[WhiteElo "2387"]
[BlackElo "2512"]
[PlyCount "38"]
[EventDate "1999.07.31"]

1.d4 Nf6 2.c4 e6 3.Nf3 b6 4.Nc3 Bb4 5.Qb3 c5 6.a3 Ba5 7.Bg5 h6 8.Bh4 g5 9.
Bg3 Ne4 10.e3 Nc6 11.d5 Bxc3+ 12.bxc3 Na5 13.Qc2 Nxg3 14.hxg3 Ba6 15.Nd2 
Qe7 16.Qe4 O-O-O 17.g4 Bb7 18.Be2 Rdf8 19.Qd3 f5 1/2-1/2

[Event "VIII Festival A"]
[Site "Montecatini Terme ITA"]
[Date "1999.08.02"]
[Round "3"]
[White "Goloshchapov, Alexander"]
[Black "Lanzani, Mario"]
[Result "1-0"]
[WhiteElo "2519"]
[BlackElo "2403"]
[PlyCount "91"]
[EventDate "1999.07.31"]

1.e4 e5 2.Nf3 Nc6 3.d4 exd4 4.Nxd4 Bc5 5.Nxc6 Qf6 6.Qd2 dxc6 7.Nc3 Be6 8.
Na4 Rd8 9.Bd3 Bd4 10.O-O Nh6 11.h3 a6 12.Qf4 Qxf4 13.Bxf4 b5 14.Nc3 Rd7 
15.a4 O-O 16.axb5 axb5 17.Ra6 Bb6 18.Be3 Rb8 19.Rfa1 f6 20.Ra8 Rdd8 21.
Rxb8 Rxb8 22.Bxb6 cxb6 23.Ne2 Rb7 24.Nd4 Bd7 25.f4 Kf7 26.e5 g6 27.e6+ 
Bxe6 28.Nxc6 Rd7 29.Ra7 Rxa7 30.Nxa7 b4 31.Nc6 b3 32.c3 Bd5 33.Nd4 Ke7 34.
Kf2 Kd6 35.g4 Nf7 36.c4 Kc5 37.Nxb3+ Kb4 38.Nd2 Be6 39.Ke3 Nd8 40.f5 gxf5 
41.gxf5 Bf7 42.Ne4 Bxc4 43.Nxf6 Ba2 44.Nxh7 Kb3 45.Ng5 Kxb2 46.h4 1-0

[Event "VIII Festival A"]
[Site "Montecatini Terme ITA"]
[Date "1999.08.02"]
[Round "3"]
[White "Gorbatov, Alexej"]
[Black "Godena, Michele"]
[Result "0-1"]
[WhiteElo "2353"]
[BlackElo "2490"]
[PlyCount "78"]
[EventDate "1999.07.31"]

1.Nf3 d5 2.c4 e6 3.b3 Be7 4.Bb2 Nf6 5.g3 O-O 6.Bg2 b6 7.O-O Bb7 8.e3 Nbd7 
9.Nc3 Rc8 10.Qe2 c5 11.d3 Qc7 12.Rae1 Ne8 13.e4 d4 14.Nb5 Qb8 15.Nd2 a6 
16.Na3 Bd8 17.f4 Bc6 18.e5 Qb7 19.Bxc6 Qxc6 20.Ne4 f5 21.exf6 gxf6 22.f5 
exf5 23.Rxf5 Ng7 24.Rff1 f5 25.Nd2 Bg5 26.Nf3 Be3+ 27.Kh1 f4 28.Qg2 fxg3 
29.Nc2 Bf2 30.Re4 Nf6 31.Re2 Qb7 32.Bc1 Nfh5 33.Ng1 Qxg2+ 34.Kxg2 Rce8 35.
Re4 gxh2 36.Kxh2 Ng3 37.Rxf2 Rxf2+ 38.Kxg3 Rxc2 39.Bg5 h6 0-1

[Event "VIII Festival A"]
[Site "Montecatini Terme ITA"]
[Date "1999.08.02"]
[Round "3"]
[White "Horvath, Csaba"]
[Black "Tocchioni, Doriano"]
[Result "1-0"]
[WhiteElo "2509"]
[BlackElo "2240"]
[PlyCount "43"]
[EventDate "1999.07.31"]

1.d4 Nf6 2.c4 g6 3.Nc3 d5 4.Nf3 Bg7 5.Qb3 dxc4 6.Qxc4 O-O 7.e4 Nfd7 8.Be3 
Na6 9.Rd1 c5 10.d5 Qa5 11.Qb3 Nc7 12.Be2 Ne8 13.Bg5 Bf6 14.Bxf6 Nexf6 15.
O-O a6 16.e5 Ng4 17.e6 fxe6 18.d6 Nde5 19.d7 Bxd7 20.Rxd7 c4 21.Qxb7 Rab8 
22.Qc7 1-0

[Event "VIII Festival A"]
[Site "Montecatini Terme ITA"]
[Date "1999.08.02"]
[Round "3"]
[White "Horvath, Jozsef"]
[Black "Sarno, Spartaco"]
[Result "1-0"]
[WhiteElo "2526"]
[BlackElo "2373"]
[PlyCount "43"]
[EventDate "1999.07.31"]

1.Nf3 Nf6 2.c4 g6 3.Nc3 d5 4.Qa4+ Bd7 5.Qb3 dxc4 6.Qxc4 Bg7 7.e4 O-O 8.e5 
Ng4 9.d4 c6 10.h3 Nh6 11.Bf4 Be6 12.Qe2 Bd5 13.O-O-O Na6 14.h4 Nc7 15.h5 
Ne6 16.Be3 Nf5 17.g4 Bxf3 18.Qxf3 Nfxd4 19.Qh3 g5 20.Bxd4 Nxd4 21.Qe3 Ne6 
22.Rxd8 1-0

[Event "VIII Festival A"]
[Site "Montecatini Terme ITA"]
[Date "1999.08.02"]
[Round "3"]
[White "Komarov, Dimitri"]
[Black "Belotti, Bruno"]
[Result "1/2-1/2"]
[WhiteElo "2582"]
[BlackElo "2423"]
[PlyCount "55"]
[EventDate "1999.07.31"]

1.d4 Nf6 2.Nf3 g6 3.c4 Bg7 4.Nc3 O-O 5.e4 d6 6.Be2 e5 7.O-O a5 8.Re1 Nc6 
9.d5 Ne7 10.Bd2 Nh5 11.Rc1 h6 12.g3 f5 13.exf5 Nxf5 14.Ne4 Nf6 15.Bd3 g5 
16.Bc3 Nxe4 17.Bxe4 g4 18.Nd2 Nd4 19.Bxd4 exd4 20.Bd3 b6 21.Ne4 Bf5 22.Qc2
Bd7 23.Re2 Rf7 24.Rce1 Qf8 25.Nd2 Be5 26.Ne4 Bg7 27.Nd2 Be5 28.Ne4 1/2-1/2

[Event "VIII Festival A"]
[Site "Montecatini Terme ITA"]
[Date "1999.08.02"]
[Round "3"]
[White "Lonborg, Morten"]
[Black "Fabiano, Giuseppe"]
[Result "0-1"]
[WhiteElo "2159"]
[BlackElo "2293"]
[PlyCount "72"]
[EventDate "1999.07.31"]

1.e4 e5 2.Nf3 d6 3.d4 exd4 4.Nxd4 g6 5.g3 Bd7 6.Bg2 Nc6 7.O-O Bg7 8.Ne2 
Nf6 9.Nbc3 O-O 10.h3 Rb8 11.a4 a6 12.Bg5 Qc8 13.Kh2 Re8 14.a5 Re5 15.Bxf6 
Bxf6 16.Nd5 Bg7 17.Ra2 Rh5 18.Nef4 Rh6 19.Kg1 g5 20.Nh5 Bxh3 21.Nxg7 Kxg7 
22.Re1 Bxg2 23.Kxg2 Qh3+ 24.Kf3 Ne5+ 25.Ke3 f5 26.Kd2 fxe4 27.Kc1 Rf8 28.
Nxc7 Rc8 29.Nd5 Nd3+ 30.Kd2 Nxe1 31.Qxe1 Qg2 32.Qe3 Re8 33.Qc3+ Kf7 34.Qe3
Re5 35.Nc3 Rh2 36.Nd5 Rxd5+ 0-1

[Event "VIII Festival A"]
[Site "Montecatini Terme ITA"]
[Date "1999.08.02"]
[Round "3"]
[White "Manca, Federico"]
[Black "Badea, Bela"]
[Result "1-0"]
[WhiteElo "2373"]
[BlackElo "2479"]
[PlyCount "107"]
[EventDate "1999.07.31"]

1.e4 g6 2.d4 d6 3.Nc3 c6 4.Nf3 Bg7 5.Be2 Nd7 6.O-O b5 7.e5 b4 8.Ne4 dxe5 
9.dxe5 Nxe5 10.Qxd8+ Kxd8 11.Rd1+ Ke8 12.Nxe5 Bxe5 13.Bf3 Bd7 14.Nc5 Bd6 
15.Nb7 Bc7 16.a3 bxa3 17.Rxa3 Nf6 18.Rad3 Rc8 19.Bh6 Rg8 20.Bg5 Bf5 21.
Bxc6+ Kf8 22.Bh6+ Rg7 23.Rc3 Bxh2+ 24.Kf1 Be5 25.Rc5 Bxb2 26.Be4 Rb8 27.
Bxf5 gxf5 28.Rb5 Ng4 29.Bxg7+ Bxg7 30.Rd8+ Rxd8 31.Nxd8 Ke8 32.Nc6 e6 33.
Rb7 a5 34.Ke2 Bc3 35.Rb3 Bg7 36.Nxa5 Bd4 37.f3 Nf6 38.Rb8+ Kd7 39.Rb7+ Ke8
40.c4 Nh5 41.Nb3 Nf4+ 42.Kd2 Be5 43.g3 Nh5 44.f4 Bf6 45.c5 Nxg3 46.c6 Ne4+
47.Kd3 Kd8 48.Rxf7 Kc8 49.Nd2 Nxd2 50.Rxf6 Ne4 51.Rf7 h5 52.Kd4 h4 53.Ke5 
h3 54.Rh7 1-0

[Event "VIII Festival A"]
[Site "Montecatini Terme ITA"]
[Date "1999.08.02"]
[Round "3"]
[White "Mantovani, Renzo"]
[Black "Sermek, Drazen"]
[Result "0-1"]
[WhiteElo "2419"]
[BlackElo "2545"]
[PlyCount "89"]
[EventDate "1999.07.31"]

1.Nf3 c5 2.b3 d6 3.e3 e5 4.Bb5+ Nc6 5.O-O e4 6.Ne1 f5 7.Bb2 Nf6 8.d3 Be7 
9.Nc3 Be6 10.f3 Qb6 11.fxe4 fxe4 12.Bxc6+ Qxc6 13.Nxe4 Nxe4 14.dxe4 Qxe4 
15.Bxg7 Rg8 16.Bh6 O-O-O 17.Qf3 Qg6 18.Bf4 Rdf8 19.Qe2 h5 20.Kh1 Bf5 21.
Rd1 h4 22.h3 Qe6 23.Kh2 d5 24.Rd2 Be4 25.c3 Rg6 26.Rf2 Rfg8 27.Qh5 b6 28.
Qe5 Qxe5 29.Bxe5 Kd7 30.Bf4 Bf6 31.Nf3 Bxc3 32.Ne5+ Bxe5 33.Bxe5 Ke6 34.
Bf4 b5 35.Bc7 b4 36.Bf4 R8g7 37.Kg1 a5 38.Kh2 a4 39.Kg1 a3 40.Kh2 c4 41.
bxc4 dxc4 42.Rd6+ Ke7 43.Rxg6 Rxg6 44.Be5 Ke6 45.Bd4 0-1

[Event "VIII Festival A"]
[Site "Montecatini Terme ITA"]
[Date "1999.08.02"]
[Round "3"]
[White "Martorelli, Antonio"]
[Black "Lantini, Marco"]
[Result "1-0"]
[WhiteElo "2322"]
[BlackElo "2193"]
[PlyCount "99"]
[EventDate "1999.07.31"]

1.e4 e5 2.Nc3 Nf6 3.f4 d5 4.fxe5 Nxe4 5.Nf3 Be7 6.Qe2 Ng5 7.d4 c6 8.Be3 
Bg4 9.h3 Nxf3+ 10.gxf3 Bf5 11.O-O-O Na6 12.Qg2 g6 13.h4 Nb4 14.Rd2 Qa5 15.
a3 Na6 16.Nb1 h5 17.Bg5 Bf8 18.Bd3 Be6 19.f4 c5 20.c4 cxd4 21.cxd5 Bxd5 
22.Be4 Bxe4 23.Qxe4 Nc5 24.Qc2 Ne6 25.Bf6 Rg8 26.Rg1 Bh6 27.f5 Nf4 28.b4 
Qd5 29.Kb2 d3 30.Qc7 Qd7 31.Rc1 Ne2 32.Qxd7+ Kxd7 33.Rxd3+ Ke8 34.Rcd1 
Bc1+ 35.Ka2 Bd2 36.R1xd2 Nc1+ 37.Kb2 Nxd3+ 38.Rxd3 gxf5 39.Nc3 f4 40.Ne4 
Kf8 41.Rd7 Rg2+ 42.Kb3 b5 43.Nd6 Rg3+ 44.Kc2 f3 45.Kd2 a5 46.bxa5 f2 47.
Ke2 Rxa3 48.Rxf7+ Kg8 49.Rg7+ Kf8 50.Rh7 1-0

[Event "VIII Festival A"]
[Site "Montecatini Terme ITA"]
[Date "1999.08.02"]
[Round "3"]
[White "Mola, Pietro"]
[Black "Dervishi, Erald"]
[Result "0-1"]
[WhiteElo "2203"]
[BlackElo "2496"]
[PlyCount "156"]
[EventDate "1999.07.31"]

1.d4 Nf6 2.Nf3 e6 3.c4 d5 4.g3 Be7 5.Bg2 O-O 6.O-O b6 7.Nc3 Bb7 8.cxd5 
exd5 9.Ne5 Na6 10.Qa4 Qd6 11.Bf4 Qe6 12.Rac1 c5 13.Rfd1 Rfd8 14.Nf3 h6 15.
dxc5 bxc5 16.Qb5 Qb6 17.Ne5 g5 18.Bd2 Nc7 19.Qd3 Qe6 20.f4 g4 21.Na4 Na6 
22.Qe3 d4 23.Qb3 Qxb3 24.axb3 Bxg2 25.Kxg2 Rdc8 26.b4 cxb4 27.Nc6 Bf8 28.
Nxd4 Nc7 29.Nc5 Ncd5 30.Ndb3 Re8 31.Kf2 Rac8 32.Nd3 Ne4+ 33.Ke1 Nec3 34.
bxc3 bxc3 35.Rc2 cxd2+ 36.Rdxd2 Rb8 37.Nbc1 a5 38.Kf2 Nf6 39.Kg2 Ne4 40.
Rd1 Rec8 41.Rxc8 Rxc8 42.Ne5 f5 43.Nb3 a4 44.Nd4 a3 45.Nxf5 a2 46.Nxg4 Ra8
47.Ra1 Bb4 48.Ngxh6+ Kh7 49.Ng4 Bc3 50.Rxa2 Rxa2 51.Kf3 Ra4 52.Nf2 Nd2+ 
53.Kg4 Ba5 54.h4 Bb6 55.Nh3 Bd8 56.Nf2 Ra2 57.Nd3 Ra6 58.Ne5 Bf6 59.Nf3 
Ne4 60.Ng5+ Bxg5 61.hxg5 Nd2 62.Nd4 Ra4 63.Nf5 Re4 64.e3 Re6 65.Kh5 Nf1 
66.g4 Nxe3 67.g6+ Kh8 68.Nh6 Nd5 69.f5 Nf6+ 70.Kg5 Ra6 71.Nf7+ Kg7 72.Nd8 
Ne4+ 73.Kf4 Nc5 74.Kg3 Rd6 75.Nf7 Rd5 76.Nh6 Nd7 77.Nf7 Nf6 78.Nh8 Rd4 0-1

[Event "VIII Festival A"]
[Site "Montecatini Terme ITA"]
[Date "1999.08.02"]
[Round "3"]
[White "Naumkin, Igor"]
[Black "Friedrich, Norbert"]
[Result "1-0"]
[WhiteElo "2489"]
[BlackElo "2258"]
[PlyCount "73"]
[EventDate "1999.07.31"]

1.d4 d5 2.c4 c6 3.Nc3 Nf6 4.Nf3 a6 5.e3 b5 6.b3 Bg4 7.h3 Bxf3 8.Qxf3 e6 9.
Bd3 Bb4 10.Bd2 O-O 11.O-O bxc4 12.bxc4 c5 13.a3 Ba5 14.cxd5 cxd4 15.exd4 
exd5 16.Rac1 Nc6 17.Be3 Qd6 18.Ne2 Rfe8 19.Ng3 Bc7 20.Rfd1 Ne7 21.Bg5 Ne4 
22.Nxe4 dxe4 23.Bxe4 Qh2+ 24.Kf1 Rab8 25.Rxc7 Qxc7 26.Bf4 Qd7 27.Bxb8 Rxb8
28.Qd3 f5 29.Bf3 Qd6 30.g3 h6 31.Re1 Rd8 32.Kg2 Kf8 33.d5 Nxd5 34.Qxf5+ 
Nf6 35.Re6 Qd4 36.Rxa6 Rb8 37.Qe6 1-0

[Event "VIII Festival A"]
[Site "Montecatini Terme ITA"]
[Date "1999.08.02"]
[Round "3"]
[White "Ortega, Lexy"]
[Black "Gagliardi, Pietro"]
[Result "1-0"]
[WhiteElo "2499"]
[BlackElo "2204"]
[PlyCount "59"]
[EventDate "1999.07.31"]

1.d4 c5 2.c3 Nf6 3.Nf3 e6 4.Nbd2 d5 5.e3 Be7 6.Bd3 O-O 7.O-O b6 8.e4 Ba6 
9.c4 dxc4 10.Nxc4 cxd4 11.e5 Nd5 12.Nxd4 Nb4 13.Be2 N8c6 14.Nxc6 Nxc6 15.
Bf4 Qd5 16.Rc1 Nd4 17.Bd3 Bb7 18.f3 Rac8 19.Kh1 Qd8 20.Nd6 Rxc1 21.Qxc1 
Bd5 22.Bc4 Qa8 23.Rd1 Bxc4 24.Qxc4 Nxf3 25.Bg3 h6 26.h4 g5 27.Qg4 Nxe5 28.
Bxe5 Qc6 29.hxg5 hxg5 30.Qh3 1-0

[Event "VIII Festival A"]
[Site "Montecatini Terme ITA"]
[Date "1999.08.02"]
[Round "3"]
[White "Scotti, Umberto"]
[Black "Wagman, Stuart"]
[Result "1-0"]
[WhiteElo "2107"]
[BlackElo "2169"]
[PlyCount "67"]
[EventDate "1999.07.31"]

1.d4 d5 2.Nf3 Nf6 3.e3 Bf5 4.c4 c6 5.Nc3 e6 6.Bd3 Bxd3 7.Qxd3 Nbd7 8.O-O 
Be7 9.b3 O-O 10.Bb2 Qa5 11.e4 Qa6 12.e5 Nh5 13.Ne2 g6 14.Qc2 c5 15.cxd5 
exd5 16.Qd2 Qe6 17.dxc5 Nxc5 18.Rad1 Rfd8 19.Nfd4 Qd7 20.Qe3 Ng7 21.Nf4 
Nce6 22.Nde2 Bg5 23.Qf3 Nc7 24.Rd3 Qf5 25.Rfd1 Nge6 26.Nxe6 fxe6 27.Qg3 
Be7 28.Nd4 Qg5 29.Qh3 Qxe5 30.Nb5 Qxb2 31.Nxc7 Rac8 32.Qxe6+ Kf8 33.Rf3+ 
Bf6 34.Rxf6+ 1-0

[Event "VIII Festival A"]
[Site "Montecatini Terme ITA"]
[Date "1999.08.02"]
[Round "3"]
[White "Solozhenkin, Evgeniy"]
[Black "Korsunsky, Yuri"]
[Result "1/2-1/2"]
[WhiteElo "2544"]
[BlackElo "2418"]
[PlyCount "85"]
[EventDate "1999.07.31"]

1.d4 f5 2.g3 Nf6 3.Bg2 e6 4.c4 d5 5.Nh3 c6 6.Qc2 Bb4+ 7.Bd2 Qe7 8.O-O Bxd2
9.Nxd2 O-O 10.Rfe1 Nbd7 11.Rad1 Ne4 12.Nxe4 dxe4 13.f3 e5 14.fxe4 exd4 15.
Rxd4 Nf6 16.Nf2 fxe4 17.Nxe4 Nxe4 18.Bxe4 Bf5 19.c5 Rae8 20.Qc4+ Be6 21.
Qd3 h6 22.Bg6 Rd8 23.Rxd8 Rxd8 24.Qe3 Qf6 25.Bd3 Bh3 26.Qf4 Qxb2 27.Rb1 
Qc3 28.Qe3 Qf6 29.Qe4 b6 30.Qf4 Qxf4 31.gxf4 bxc5 32.Kf2 Kf7 33.Rc1 Be6 
34.Rxc5 Rd4 35.f5 Bxa2 36.Rxc6 a5 37.Ra6 a4 38.Bc2 Bb3 39.Bxb3+ axb3 40.
Rb6 Rf4+ 41.Kg3 Rxf5 42.Rxb3 Rg5+ 43.Kf3 1/2-1/2

[Event "VIII Festival A"]
[Site "Montecatini Terme ITA"]
[Date "1999.08.02"]
[Round "3"]
[White "Tomescu, Vlad"]
[Black "Schwenk, Andreas"]
[Result "1-0"]
[WhiteElo "2453"]
[BlackElo "2222"]
[PlyCount "97"]
[EventDate "1999.07.31"]

1.e4 c5 2.Nf3 d6 3.d4 cxd4 4.Nxd4 Nf6 5.Nc3 a6 6.Be3 e5 7.Nf3 Be7 8.Bc4 
O-O 9.O-O Nc6 10.Qe2 b5 11.Bd5 Bb7 12.a3 Qc7 13.Bg5 h6 14.Bxf6 Bxf6 15.
Rfd1 Rac8 16.Rac1 Be7 17.h3 b4 18.axb4 Nxb4 19.Bb3 Kh8 20.Nd5 Nxd5 21.Bxd5
f5 22.c3 fxe4 23.Qxe4 Rf4 24.Qe3 Bxd5 25.Rxd5 Qb7 26.Rd2 Rcf8 27.Rcd1 Rxf3
28.gxf3 Rxf3 29.Qe2 Bh4 30.Qc4 Rxh3 31.Qd5 Qc8 32.Rd3 Rxd3 33.Rxd3 Be7 34.
Qf7 Qd8 35.Qe6 Qf8 36.Kg2 a5 37.c4 Qa8+ 38.Rd5 Bf8 39.b3 a4 40.bxa4 Qxa4 
41.Qc8 Kg8 42.Rxd6 Qb4 43.Qe6+ Kh7 44.Rd8 Qc5 45.Rc8 Qb4 46.Qf7 Qe7 47.
Qxe7 Bxe7 48.c5 Kg6 49.c6 1-0

[Event "VIII Festival A"]
[Site "Montecatini Terme ITA"]
[Date "1999.08.02"]
[Round "3"]
[White "Vezzosi, Paolo"]
[Black "Artizzu, Giulio"]
[Result "1-0"]
[WhiteElo "2329"]
[BlackElo "1825"]
[PlyCount "69"]
[EventDate "1999.07.31"]

1.Nf3 Nf6 2.c4 g6 3.Nc3 Bg7 4.e4 d6 5.d4 O-O 6.Be2 e5 7.Be3 Nc6 8.d5 Ne7 
9.Nd2 Nd7 10.b4 f5 11.f3 c6 12.O-O f4 13.Bf2 Nf6 14.dxc6 bxc6 15.b5 g5 16.
bxc6 h5 17.Nb3 g4 18.c7 Qe8 19.Qxd6 Qg6 20.Qxe7 g3 21.hxg3 fxg3 22.Be3 Re8
23.Qd6 h4 24.c5 h3 25.Bc4+ Kh8 26.Qd2 Nh5 27.Nd5 Nf4 28.Nxf4 exf4 29.Bxf4 
hxg2 30.Qxg2 Bxa1 31.Rxa1 Be6 32.Be5+ Kg8 33.Bxe6+ Rxe6 34.Qxg3 Rae8 35.
Qxg6+ 1-0

[Event "VIII Festival A"]
[Site "Montecatini Terme ITA"]
[Date "1999.08.02"]
[Round "3"]
[White "Zaitsev, Vadim"]
[Black "Metrangolo, Antonio"]
[Result "1-0"]
[WhiteElo "2411"]
[BlackElo "1954"]
[PlyCount "89"]
[EventDate "1999.07.31"]

1.Nf3 Nf6 2.g3 d5 3.Bg2 c6 4.d3 h6 5.Nbd2 Bf5 6.O-O e6 7.c4 Be7 8.b4 Bxb4 
9.Rb1 Bc5 10.Rxb7 O-O 11.d4 Bd6 12.Qa4 Qc8 13.Rxa7 Bc2 14.Qa5 Na6 15.Rxa8 
Qxa8 16.Ba3 Bxa3 17.Qxa3 Rb8 18.Qc3 Bh7 19.a3 Nc7 20.Rc1 Qa4 21.cxd5 Ncxd5
22.Qxc6 Qxa3 23.Ne5 Ne7 24.Qc7 Re8 25.e3 Bf5 26.Qc3 Qxc3 27.Rxc3 Rc8 28.
Nec4 Ned5 29.Ra3 Ne4 30.Nxe4 Rxc4 31.Ra1 Bxe4 32.Ra8+ Kh7 33.Bxe4+ g6 34.
Bxd5 exd5 35.Rd8 g5 36.h3 h5 37.Rxd5 Kg6 38.Kg2 g4 39.e4 Ra4 40.hxg4 hxg4 
41.Kf1 Ra2 42.Rf5 Rd2 43.Rf4 Kg5 44.e5 Kh5 45.Ke1 1-0

[Event "VIII Festival A"]
[Site "Montecatini Terme ITA"]
[Date "1999.08.03"]
[Round "4"]
[White "Arlandi, Ennio"]
[Black "Everet, Alexandro"]
[Result "0-1"]
[WhiteElo "2465"]
[BlackElo "2294"]
[PlyCount "142"]
[EventDate "1999.07.31"]

1.d4 Nf6 2.c4 c6 3.Nc3 d5 4.e3 g6 5.Nf3 Bg7 6.Be2 O-O 7.O-O h6 8.cxd5 Nxd5
9.e4 Nb6 10.h3 Be6 11.Bf4 Bc4 12.Bxc4 Nxc4 13.Qb3 Na5 14.Qc2 g5 15.Be3 Nc4
16.e5 Nxe3 17.fxe3 Nd7 18.Ne4 f5 19.exf6 exf6 20.Nd6 Qe7 21.Qb3+ Kh8 22.
Nf5 Qe4 23.Nd2 Qd5 24.Qxb7 Rab8 25.Qxa7 Rxb2 26.e4 Qe6 27.Rf2 Rfb8 28.Qc7 
Bf8 29.a3 Ra8 30.Rc1 Rxa3 31.Rxc6 Ra7 32.Rxe6 Rxc7 33.Ne3 Rb4 34.Nf3 h5 
35.Nd5 Rc1+ 36.Rf1 Rxf1+ 37.Kxf1 Rb1+ 38.Kf2 Rb2+ 39.Kf1 Kg7 40.Ra6 Rb7 
41.Ke2 Kf7 42.Nd2 Be7 43.Nc4 Bf8 44.Nce3 Rb2+ 45.Kd3 Rb3+ 46.Kc4 Rb1 47.
Ra7 Rc1+ 48.Kb5 Ke8 49.Ra4 Bd6 50.Nc4 Bg3 51.Ra8+ Kf7 52.Ra7 Ke8 53.Nde3 
Bf4 54.Nf5 Bb8 55.Ra4 Nf8 56.d5 Nd7 57.d6 Kf7 58.Rb4 Ke6 59.Nd4+ Kf7 60.
Nc6 Rd1 61.Nxb8 Nxb8 62.Kb6 Ke6 63.Ra4 Nd7+ 64.Kc7 Rc1 65.Kd8 Nc5 66.Rb4 
Ra1 67.Rb8 Ra7 68.Rb6 Rd7+ 69.Ke8 Nxe4 70.Kf8 f5 71.Rb8 Nf6 0-1

[Event "VIII Festival A"]
[Site "Montecatini Terme ITA"]
[Date "1999.08.03"]
[Round "4"]
[White "Badea, Bela"]
[Black "Caposciutti, Maurizio"]
[Result "1-0"]
[WhiteElo "2479"]
[BlackElo "2305"]
[PlyCount "91"]
[EventDate "1999.07.31"]

1.Nf3 d6 2.d4 Bg4 3.e4 Nf6 4.h3 Bh5 5.Qe2 c6 6.e5 dxe5 7.dxe5 Bxf3 8.Qxf3 
Qa5+ 9.Qc3 Qxc3+ 10.Nxc3 Nd5 11.Nxd5 cxd5 12.c4 e6 13.cxd5 exd5 14.f4 Nc6 
15.Be3 Bb4+ 16.Kd1 O-O 17.Bd3 Rfe8 18.Bf2 Bf8 19.Rc1 g6 20.a3 Bh6 21.g3 g5
22.Rg1 Kh8 23.Bb5 Rac8 24.Be3 f6 25.fxg5 Bxg5 26.Bxg5 fxg5 27.Re1 a6 28.
Ba4 Kg7 29.Rc5 b5 30.Bb3 Na5 31.Rxc8 Rxc8 32.Bc2 Nc4 33.b3 Nxa3 34.Bf5 Rc7
35.h4 gxh4 36.gxh4 b4 37.Rg1+ Kh6 38.Bd3 Nb5 39.Bxb5 axb5 40.Kd2 Kh5 41.
Kd3 Kxh4 42.Kd4 h5 43.e6 Rc8 44.Kxd5 Rc3 45.Re1 Rd3+ 46.Ke5 1-0

[Event "VIII Festival A"]
[Site "Montecatini Terme ITA"]
[Date "1999.08.03"]
[Round "4"]
[White "Belotti, Bruno"]
[Black "Solozhenkin, Evgeniy"]
[Result "1-0"]
[WhiteElo "2423"]
[BlackElo "2544"]
[PlyCount "45"]
[EventDate "1999.07.31"]

1.e4 c6 2.d4 d5 3.Nd2 dxe4 4.Nxe4 Bf5 5.Ng3 Bg6 6.Bc4 e6 7.N1e2 Nf6 8.O-O 
Bd6 9.f4 Qc7 10.f5 exf5 11.Nxf5 Bxh2+ 12.Kh1 O-O 13.Qe1 Bd6 14.Nxg7 Kxg7 
15.Rxf6 Nd7 16.Qh4 b5 17.Bd3 Rfe8 18.Rf3 Qd8 19.Bg5 Be7 20.Bxg6 hxg6 21.
Qh6+ Kg8 22.Rh3 Bf6 23.Rf1 1-0

[Event "VIII Festival A"]
[Site "Montecatini Terme ITA"]
[Date "1999.08.03"]
[Round "4"]
[White "Buydts, Dirk"]
[Black "Bacholke, Michael"]
[Result "0-1"]
[WhiteElo "2089"]
[BlackElo "2155"]
[PlyCount "66"]
[EventDate "1999.07.31"]

1.e4 e5 2.Nf3 Nc6 3.Nc3 Nf6 4.Bb5 Bc5 5.Nxe5 O-O 6.Nxc6 dxc6 7.Be2 Qd4 8.
O-O Nxe4 9.Nxe4 Qxe4 10.Bf3 Qh4 11.g3 Qf6 12.Bg2 Be6 13.d3 Rfe8 14.c3 Re7 
15.d4 Bd6 16.Be3 Bd5 17.b3 b5 18.Bxd5 cxd5 19.Qd2 Qf3 20.a4 bxa4 21.Rxa4 
f5 22.Qd1 Qe4 23.Bg5 Re6 24.Ra2 f4 25.f3 Qe3+ 26.Kg2 Qxc3 27.Bxf4 Bxf4 28.
gxf4 Rae8 29.Rxa7 Re2+ 30.Kg3 Qb2 31.f5 Rxh2 32.Rg1 Qf2+ 33.Kf4 Re4+ 0-1

[Event "VIII Festival A"]
[Site "Montecatini Terme ITA"]
[Date "1999.08.03"]
[Round "4"]
[White "Christensen, Thomas"]
[Black "Mantovani, Renzo"]
[Result "0-1"]
[WhiteElo "2231"]
[BlackElo "2419"]
[PlyCount "118"]
[EventDate "1999.07.31"]

1.d4 Nf6 2.c4 c5 3.d5 g6 4.Nc3 Bg7 5.e4 O-O 6.Nf3 d6 7.h3 a6 8.a4 e6 9.Bd3
exd5 10.cxd5 Nh5 11.Bg5 Bf6 12.Be3 Nd7 13.g4 Ng7 14.Nd2 Bd4 15.Bxd4 cxd4 
16.Ne2 Nc5 17.Nf3 Re8 18.Qc2 Bd7 19.b4 Nxd3+ 20.Qxd3 Qb6 21.Qxd4 Qxd4 22.
Nfxd4 Rxe4 23.Kd2 h5 24.f3 Re5 25.Nc3 Rc8 26.b5 Ne8 27.Nc2 Nf6 28.Nb4 Rc4 
29.Rab1 Rd4+ 30.Kc2 a5 31.Nc6 bxc6 32.dxc6 Be8 33.c7 Rc5 34.b6 Nd5 35.Rb3 
Bxa4 36.Kb2 Rd2+ 37.Ka3 Nxb6 38.Rxb6 Rxc3+ 39.Kxa4 Rxc7 40.Kxa5 Ra7+ 41.
Kb5 Rb2+ 42.Kc6 Rxb6+ 43.Kxb6 Ra3 44.gxh5 gxh5 45.Kc6 Rd3 46.Rg1+ Kh7 47.
Rg3 Kh6 48.h4 Rd4 49.Kd7 Rxh4 50.Kxd6 f6 51.Ke6 Rf4 52.Kf7 h4 53.Rh3 Kg5 
54.Ke6 Kg6 55.Ke7 Kf5 56.Kf7 Ra4 57.Kg7 Kg5 58.Kf7 Ra6 59.Ke7 f5 0-1

[Event "VIII Festival A"]
[Site "Montecatini Terme ITA"]
[Date "1999.08.03"]
[Round "4"]
[White "Corvi, Marco"]
[Black "Ortega, Lexy"]
[Result "1-0"]
[WhiteElo "2308"]
[BlackElo "2499"]
[PlyCount "85"]
[EventDate "1999.07.31"]

1.c4 b6 2.Nc3 Bb7 3.e4 e6 4.Nf3 Bb4 5.Bd3 Ne7 6.a3 Bxc3 7.dxc3 d6 8.b4 Nd7
9.Be3 O-O 10.Qc2 h6 11.g4 a5 12.h4 axb4 13.cxb4 Nc6 14.Ke2 Nce5 15.Nxe5 
Nxe5 16.g5 h5 17.f4 Nxd3 18.Qxd3 d5 19.Rhd1 Qe8 20.Kf2 f6 21.gxf6 Rxf6 22.
Rg1 dxe4 23.Qc3 Qf7 24.Rg5 Rf8 25.Rag1 Rxf4+ 26.Bxf4 Qxf4+ 27.Ke1 Qxh4+ 
28.Qg3 Qxg3+ 29.R1xg3 Rf7 30.Rxh5 Rf3 31.Rhg5 Rxg3 32.Rxg3 Kf7 33.Kd2 Kf6 
34.Ke3 g5 35.Rg1 Kf5 36.a4 g4 37.c5 bxc5 38.bxc5 e5 39.a5 Kg5 40.Rg2 Bc6 
41.a6 Kh4 42.Rh2+ Kg5 43.Rh8 1-0

[Event "VIII Festival A"]
[Site "Montecatini Terme ITA"]
[Date "1999.08.03"]
[Round "4"]
[White "De Gleria, Francesco"]
[Black "Horvath, Jozsef"]
[Result "1/2-1/2"]
[WhiteElo "2422"]
[BlackElo "2526"]
[PlyCount "49"]
[EventDate "1999.07.31"]

1.e4 c5 2.Nf3 e6 3.c3 d5 4.exd5 Qxd5 5.d4 Nf6 6.Be3 cxd4 7.cxd4 Nc6 8.Nc3 
Qd6 9.a3 Be7 10.Bd3 O-O 11.O-O b6 12.Qe2 Bb7 13.Rad1 Rad8 14.Bg5 Qb8 15.
Rfe1 Rfe8 16.Bb1 g6 17.Ba2 Nh5 18.d5 exd5 19.Rxd5 Bf8 20.Qd2 Rxd5 21.Nxd5 
Rxe1+ 22.Qxe1 h6 23.Bd2 Qd8 24.Bc3 Bg7 25.h3 1/2-1/2